[Event "Junior Online 4NCL Division 3"]
[Site "online"]
[Date "2020.06.04"]
[Round "8.33"]
[White "Wynn, Jacob"]
[Black "Jain, Ekansh Rajesh"]
[Result "0-1"]
[WhiteElo "1234"]
[BlackElo "1337"]
[PlyCount "166"]
[EventDate "2020.06.04"]
[WhiteTeam "EPR Paradox"]
[BlackTeam "St Albans Early Knights 2"]

1. e4 e5 2. Nf3 Nc6 3. Bc4 h6 4. Nc3 Nf6 5. d4 d5 6. exd5 exd4 7. dxc6 dxc3 8.
Qxd8+ Kxd8 9. bxc3 bxc6 10. O-O Bf5 11. Bxf7 Bxc2 12. Nd4 Bd3 13. Ne6+ Ke7 14.
Nxf8 Bxf1 15. Ng6+ Kxf7 16. Nxh8+ Rxh8 17. Kxf1 Nd5 18. Bd2 Re8 19. c4 Nb6 20.
c5 Nc4 21. Bb4 Re4 22. Rc1 Nb2 23. Rc2 Nd3 24. Ba5 Ra4 25. Bxc7 Nb4 26. Rc4 g5
27. g3 h5 28. Kg2 Kg6 29. h4 gxh4 30. Rxh4 Kg5 31. Bd8+ Kg6 32. Bc7 Kg5 33. Bb8
a6 34. Bf4+ Kf5 35. Rxh5+ Kf6 36. Bg5+ Kg6 37. f4 Kxh5 38. Kh3 Ra3 39. Kg2 Nxa2
40. Kh3 Nc1 41. Kg2 Ne2 42. Kf2 Nxg3 43. Kg2 Ne4 44. Be7 Rg3+ 45. Kh2 Kg4 46.
f5 Kxf5 47. Bh4 Rg4 48. Be7 Kf4 49. Bd6+ Kf3 50. Kh3 Rg1 51. Kh4 Nxd6 52. cxd6
Re1 53. d7 Rd1 54. Kg5 Rxd7 55. Kf5 Rd4 56. Ke5 Rh4 57. Kd6 Rh5 58. Kxc6 Ke4
59. Kd6 a5 60. Kc6 Kd4 61. Kb6 Kc4 62. Ka6 Kb4 63. Kb6 Rh6+ 64. Kc7 Kb5 65. Kd7
Kc5 66. Ke7 Kd5 67. Kf7 Ke5 68. Kg7 Ra6 69. Kf7 a4 70. Kg7 Kf5 71. Kh7 Kg5 72.
Kg7 Ra7+ 73. Kf8 Kg6 74. Ke8 Kf6 75. Kd8 Ke6 76. Kc8 Kd6 77. Kb8 Rh7 78. Kc8
Ke6 79. Kd8 a3 80. Kc8 Kd6 81. Kb8 Kc6 82. Ka8 Kb6 83. Kb8 Rh8# 0-1

[Event "Junior Online 4NCL Division 3"]
[Site "online"]
[Date "2020.06.04"]
[Round "8.34"]
[White "Vayzert, Darya"]
[Black "Jessop, Osian"]
[Result "1-0"]
[WhiteElo "1315"]
[BlackElo "1169"]
[PlyCount "73"]
[EventDate "2020.06.04"]
[WhiteTeam "St Albans Early Knights 2"]
[BlackTeam "EPR Paradox"]

1. d4 f5 2. Nf3 e6 3. e3 Nf6 4. Bd3 d6 5. Nbd2 g6 6. O-O Be7 7. e4 fxe4 8. Nxe4
Nxe4 9. Bxe4 d5 10. Bd3 Nc6 11. c3 Qd6 12. Be3 Bd7 13. Qd2 O-O-O 14. Bf4 e5 15.
Nxe5 Nxe5 16. Bxe5 Qe6 17. Bxh8 Rxh8 18. Rfe1 Qf6 19. Qe3 Bd6 20. Re2 c6 21.
Rae1 b5 22. b4 g5 23. Ra1 Re8 24. Qd2 Bf4 25. Qc2 Qh6 26. h3 g4 27. Bf5 Rxe2
28. Bxd7+ Kxd7 29. Qxe2 gxh3 30. Qg4+ Kc7 31. Qxh3 Qg6 32. a4 Qc2 33. Qf3 Bd2
34. Qf7+ Kb6 35. a5+ Ka6 36. Qe8 Qf5 37. Qxc6# 1-0

[Event "Junior Online 4NCL Division 3"]
[Site "online"]
[Date "2020.06.04"]
[Round "8.35"]
[White "Shaporenkov, Robert"]
[Black "Postans, Harrison"]
[Result "0-1"]
[WhiteElo "1427"]
[BlackElo "1620"]
[PlyCount "60"]
[EventDate "2020.06.04"]
[WhiteTeam "St Albans Early Knights 2"]
[BlackTeam "EPR Paradox"]

1. d4 Nf6 2. Bf4 e6 3. e3 d5 4. Nd2 c5 5. Ngf3 Nc6 6. c3 Bd6 7. Bg3 Bxg3 8.
hxg3 Qc7 9. Bd3 cxd4 10. cxd4 e5 11. dxe5 Nxe5 12. Nxe5 Qxe5 13. Qc2 Bd7 14.
O-O-O Rc8 15. Nc4 dxc4 16. Bxc4 b5 17. b3 bxc4 18. bxc4 O-O 19. Rde1 Be6 20. f4
Qa1+ 21. Qb1 Rxc4+ 22. Kd2 Qxb1 23. Rxb1 Ne4+ 24. Kd3 Nf2+ 25. Kd2 Nxh1 26.
Rxh1 Rd8+ 27. Ke2 Bg4+ 28. Kf2 Rc2+ 29. Kg1 Rdd2 30. Rh2 Rd1# 0-1

[Event "Junior Online 4NCL Division 3"]
[Site "online"]
[Date "2020.06.04"]
[Round "8.36"]
[White "Stevenson, Neil"]
[Black "Cowan, James"]
[Result "1-0"]
[WhiteElo "1483"]
[BlackElo "1390"]
[PlyCount "181"]
[EventDate "2020.06.04"]
[WhiteTeam "EPR Paradox"]
[BlackTeam "St Albans Early Knights 2"]

1. e4 c5 2. c3 Nf6 3. e5 Nd5 4. d4 cxd4 5. Nf3 e6 6. Bc4 dxc3 7. Bxd5 cxb2 8.
Bxb2 Qa5+ 9. Nc3 Bb4 10. Qb3 Bxc3+ 11. Bxc3 Qxd5 12. Qxd5 exd5 13. O-O O-O 14.
Rfd1 Nc6 15. Rxd5 b6 16. Rad1 Rd8 17. Nd4 Nxd4 18. R5xd4 Bb7 19. Rxd7 Rxd7 20.
Rxd7 Ba6 21. h3 Rc8 22. Bb4 h6 23. Rxa7 Bc4 24. Bd6 Be6 25. a4 Rc1+ 26. Kh2 Rc2
27. f3 Bd5 28. Kg3 h5 29. h4 g5 30. hxg5 h4+ 31. Kxh4 Rxg2 32. Ra6 Bxf3 33.
Rxb6 Rg4+ 34. Kh3 Rxg5 35. Be7 Rxe5 36. Bf6 Re8 37. Rb3 Bd1 38. Rg3+ Kf8 39.
Bg7+ Ke7 40. Re3+ Kd7 41. Rd3+ Kc6 42. Rxd1 Ra8 43. Ra1 Kd5 44. Kg4 Ra5 45. Bc3
Ra6 46. Kf5 Kc4 47. Be5 Kb3 48. a5 Kb4 49. Bc7 Kb5 50. Bb6 Ra8 51. Kf6 Ka6 52.
Kxf7 Kb7 53. Rc1 Rc8 54. Rd1 Ka6 55. Ke7 Rb8 56. Kd7 Rb7+ 57. Kc6 Rb8 58. Rd7
Ra8 59. Kc7 Rg8 60. Re7 Ra8 61. Kc6 Rc8+ 62. Bc7 Ra8 63. Kc5 Ra7 64. Re6+ Kb7
65. Bb6 Ra8 66. Re7+ Ka6 67. Kc6 Rc8+ 68. Rc7 Ra8 69. Rd7 Rc8+ 70. Kd6 Ra8 71.
Kc7 Rh8 72. Rd6 Rh7+ 73. Kb8 Rh8+ 74. Rd8 Rh7 75. Bc7 Rf7 76. Rd6+ Kb5 77. Rb6+
Kc5 78. a6 Rf8+ 79. Kb7 Rf6 80. Rxf6 Kb5 81. a7 Kc5 82. Bb6+ Kc4 83. Bd4 Kxd4
84. a8=Q Ke5 85. Qa6 Kd5 86. Qa5+ Kc4 87. Qg5 Kd3 88. Rf4 Kc2 89. Qg3 Kd2 90.
Rf2+ Kd1 91. Qg1# 1-0

[Event "Junior Online 4NCL Division 3"]
[Site "online"]
[Date "2020.06.04"]
[Round "8.37"]
[White "Jain, Ekansh Rajesh"]
[Black "Wynn, Jacob"]
[Result "0-1"]
[WhiteElo "1337"]
[BlackElo "1234"]
[PlyCount "74"]
[EventDate "2020.06.04"]
[WhiteTeam "St Albans Early Knights 2"]
[BlackTeam "EPR Paradox"]

1. e4 e5 2. Nf3 Nc6 3. Nc3 Bc5 4. Bc4 Nf6 5. d3 d6 6. Bg5 Bg4 7. Bxf6 Qxf6 8.
O-O Qg6 9. h3 Bxh3 10. Nh4 Qg5 11. Qf3 O-O-O 12. Qxh3+ Kb8 13. Nf5 g6 14. Nh6
Rdf8 15. Nxf7 Qf6 16. Nxh8 Rxh8 17. Nd5 Qd8 18. a3 Bd4 19. c3 Bb6 20. Nxb6 axb6
21. Bb5 h5 22. Bxc6 bxc6 23. Qf5 gxf5 24. exf5 h4 25. b4 h3 26. Kh2 hxg2+ 27.
Kxg2 Qh4 28. Kf3 Qh5+ 29. Ke3 Qxf5 30. a4 Rh3+ 31. Kd2 Qxd3+ 32. Ke1 Qxc3+ 33.
Ke2 Qb2+ 34. Ke1 Qxa1+ 35. Ke2 Qb2+ 36. Ke1 Rc3 37. f3 Rc1# 0-1

[Event "Junior Online 4NCL Division 3"]
[Site "online"]
[Date "2020.06.04"]
[Round "8.38"]
[White "Jessop, Osian"]
[Black "Vayzert, Darya"]
[Result "0-1"]
[WhiteElo "1169"]
[BlackElo "1315"]
[PlyCount "122"]
[EventDate "2020.06.04"]
[WhiteTeam "EPR Paradox"]
[BlackTeam "St Albans Early Knights 2"]

1. e4 c6 2. Nf3 d5 3. Nc3 dxe4 4. Nxe4 Nf6 5. Nxf6+ exf6 6. Bc4 Bd6 7. O-O Be6
8. Bxe6 fxe6 9. Re1 e5 10. Qe2 O-O 11. d4 exd4 12. Qe6+ Kh8 13. Nxd4 Bxh2+ 14.
Kxh2 Qxd4 15. Qe8 Nd7 16. Qe3 Qxe3 17. Bxe3 Ne5 18. Bf4 Ng4+ 19. Kg3 Nh6 20.
Bxh6 gxh6 21. Rh1 Rg8+ 22. Kf3 Rg6 23. Ke2 Kg7 24. f3 Rxg2+ 25. Ke3 Rxc2 26.
Rag1+ Kf7 27. Rxh6 Rxb2 28. Rxh7+ Ke6 29. Re1 Rxa2 30. Kf4+ Kd5 31. Rd7+ Kc5
32. Rc1+ Kb6 33. Rb1+ Ka6 34. Rdxb7 Ra4+ 35. Kg3 Rg8+ 36. Kf2 Ra2+ 37. Kf1 Rh8
38. Kg1 Rg8+ 39. Kh1 Ra4 40. Rh7 c5 41. Rh6 Ka5 42. Rh5 Ka6 43. Rh6 Rf4 44. Rh2
Ra4 45. Rh6 Ka5 46. Rh5 Rc8 47. Rh7 Ka6 48. Rh6 Rf4 49. Rh2 Ra4 50. Rh6 Rf8 51.
Rh5 f5 52. Rh6+ Ka5 53. Rb7 Ra1+ 54. Kg2 Rg8+ 55. Kf2 Ra2+ 56. Ke3 Re8+ 57. Kd3
Ra3+ 58. Kc4 Ra4+ 59. Kxc5 Rc8+ 60. Kd5 Rd8+ 61. Kc6 Rc4# 0-1

[Event "Junior Online 4NCL Division 3"]
[Site "online"]
[Date "2020.06.04"]
[Round "8.41"]
[White "Mikalajunas, Kajus"]
[Black "Jayawarna, Tarini"]
[Result "1/2-1/2"]
[WhiteElo "1675"]
[BlackElo "1652"]
[PlyCount "115"]
[EventDate "2020.06.04"]
[WhiteTeam "Leicestershire Juniors 1"]
[BlackTeam "Manchester Juniors A"]

1. d4 Nf6 2. Nf3 g6 3. e3 Bg7 4. Bd3 O-O 5. O-O d6 6. e4 e5 7. dxe5 dxe5 8. Bg5
Qd6 9. Nc3 a6 10. Bxf6 Bxf6 11. Nd5 Bg7 12. h3 Nc6 13. Qd2 f5 14. exf5 Qxd5 15.
fxg6 hxg6 16. h4 Bg4 17. b3 Kh8 18. Qg5 Bxf3 19. Qxg6 Qg8 20. gxf3 Bf6 21. h5
Qxg6+ 22. hxg6 Rg8 23. Kg2 Rg7 24. Rh1+ Kg8 25. Bc4+ Kf8 26. Rh8+ Ke7 27. Rxa8
Rxg6+ 28. Kf1 Nd4 29. Rc8 Kd6 30. Bd3 Rh6 31. Rg8 Nxf3 32. Rd1 Rh1+ 33. Ke2
Nd4+ 34. Kd2 Nf3+ 35. Kc1 Bg5+ 36. Rxg5 Rxd1+ 37. Kxd1 Nxg5 38. Ke2 Kd5 39. Ke3
e4 40. Bc4+ Ke5 41. Be2 Ne6 42. Bc4 Nc5 43. f4+ exf3 44. Kxf3 Kd4 45. Ke2 Kc3
46. Kd1 Kb2 47. a4 Ne4 48. Bd3 Nc5 49. Kd2 c6 50. Bc4 Ne4+ 51. Kd3 Nc3 52. Be6
b5 53. Bd7 bxa4 54. bxa4 Nxa4 55. Bxc6 Nc5+ 56. Kc4 Ne6 57. Bb7 Kxc2 58. Bxa6
1/2-1/2

[Event "Junior Online 4NCL Division 3"]
[Site "online"]
[Date "2020.06.04"]
[Round "8.42"]
[White "Jayawarna, Thisumi"]
[Black "Pyun, Lindsay"]
[Result "1/2-1/2"]
[WhiteElo "1562"]
[BlackElo "1495"]
[PlyCount "135"]
[EventDate "2020.06.04"]
[WhiteTeam "Manchester Juniors A"]
[BlackTeam "Leicestershire Juniors 1"]

1. e4 e5 2. Nf3 Nc6 3. Bc4 Bc5 4. c3 Nf6 5. d3 h6 6. O-O d6 7. h3 O-O 8. Bb3 d5
9. exd5 Nxd5 10. Re1 Re8 11. Bc2 Bf5 12. Be3 Nxe3 13. fxe3 Bb6 14. Kh1 e4 15.
dxe4 Qxd1 16. Rxd1 Bxe4 17. Bxe4 Rxe4 18. Nd4 Rxe3 19. Nxc6 bxc6 20. Nd2 Re6
21. Nc4 Rae8 22. Nxb6 cxb6 23. Kh2 c5 24. c4 Re4 25. b3 Re2 26. Rd7 R2e7 27.
Rxe7 Rxe7 28. a3 Re3 29. b4 cxb4 30. axb4 Rc3 31. c5 bxc5 32. bxc5 Rxc5 33.
Rxa7 g6 34. Kg3 Kg7 35. Kf3 h5 36. Ra6 Re5 37. Kf4 Rf5+ 38. Kg3 Rg5+ 39. Kh2
Re5 40. Kg3 Re6 41. Ra5 Kf6 42. Kf4 Rd6 43. Kg3 Rd4 44. Ra6+ Kg5 45. Ra5+ Kh6
46. Kh2 Re4 47. Kg3 g5 48. Kf3 Rf4+ 49. Kg3 h4+ 50. Kh2 f6 51. Ra6 Kg6 52. Ra5
Rf5 53. Ra6 Re5 54. Ra8 Kf5 55. Ra4 Re4 56. Ra5+ Re5 57. Ra4 Re2 58. Kg1 Re3
59. Kf2 Rg3 60. Ra5+ Kg6 61. Ra6 Rc3 62. Kg1 Rc5 63. Kf2 Kf5 64. Kg1 g4 65.
hxg4+ Kxg4 66. Kh2 Rf5 67. Ra4+ Kg5 68. Kh3 1/2-1/2

[Event "Junior Online 4NCL Division 3"]
[Site "online"]
[Date "2020.06.04"]
[Round "8.43"]
[White "Tang, Joshua"]
[Black "Eccleston, Bryony"]
[Result "1-0"]
[WhiteElo "1495"]
[BlackElo "1390"]
[PlyCount "167"]
[EventDate "2020.06.04"]
[WhiteTeam "Leicestershire Juniors 1"]
[BlackTeam "Manchester Juniors A"]

1. e4 e6 2. d4 d5 3. exd5 exd5 4. Nc3 Nf6 5. Bg5 h6 6. Bh4 Bf5 7. Bxf6 Qxf6 8.
Nxd5 Qd6 9. Ne3 Bh7 10. Nf3 Qb4+ 11. c3 Qxb2 12. Nd5 Bd6 13. Qe2+ Qxe2+ 14.
Bxe2 O-O 15. O-O Nc6 16. Rad1 Rfe8 17. Bd3 Bxd3 18. Rxd3 Re2 19. Rd2 Rae8 20.
Ne3 Rxd2 21. Nxd2 Bf4 22. Re1 Kh7 23. Nf3 Bxe3 24. Rxe3 Rxe3 25. fxe3 f6 26.
Kf2 Kg6 27. Ke2 Kf5 28. Kd3 a6 29. h3 b6 30. g4+ Ke6 31. Kc4 Na5+ 32. Kd3 b5
33. e4 Nc4 34. d5+ Kd6 35. a4 Nb2+ 36. Kc2 Nxa4 37. Nd4 Nc5 38. Nf5+ Ke5 39.
Nxg7 Kxe4 40. Ne8 Kxd5 41. Nxf6+ Ke5 42. Ng8 Kf4 43. Nxh6 Kg3 44. g5 Ne6 45. g6
Kxh3 46. Nf5 Kg4 47. g7 Nxg7 48. Nxg7 Kf4 49. Ne6+ Ke5 50. Nxc7 Kd6 51. Nxa6
Kc6 52. Nb4+ Kc5 53. Kd3 Kb6 54. Kd4 Ka5 55. Kc5 Ka4 56. Kb6 Kb3 57. Nd5 Kc4
58. Kc6 Kd3 59. Kxb5 Ke4 60. c4 Kd4 61. Nb6 Ke5 62. c5 Ke6 63. c6 Kd6 64. Nc4+
Kc7 65. Kc5 Kb8 66. Kb6 Kc8 67. Nd6+ Kd8 68. c7+ Kd7 69. c8=Q+ Kxd6 70. Qc5+
Kd7 71. Kb7 Ke6 72. Qd4 Ke7 73. Qd5 Kf6 74. Qe4 Kg5 75. Qf3 Kg6 76. Qf4 Kg7 77.
Qf5 Kg8 78. Qf6 Kh7 79. Qg5 Kh8 80. Kc7 Kh7 81. Kd7 Kh8 82. Ke7 Kh7 83. Kf7 Kh8
84. Qg7# 1-0

[Event "Junior Online 4NCL Division 3"]
[Site "online"]
[Date "2020.06.04"]
[Round "8.44"]
[White "Fairclough, William"]
[Black "Mehta, Sophie"]
[Result "0-1"]
[WhiteElo "1315"]
[BlackElo "1360"]
[PlyCount "98"]
[EventDate "2020.06.04"]
[WhiteTeam "Manchester Juniors A"]
[BlackTeam "Leicestershire Juniors 1"]

1. e4 e6 2. Nc3 d5 3. exd5 exd5 4. Nf3 Nf6 5. d4 Qe7+ 6. Be2 g6 7. O-O Bg7 8.
Re1 O-O 9. Bf4 Nc6 10. Bb5 Qd7 11. Ne5 Qf5 12. Bg3 Nxe5 13. Rxe5 Qg4 14. Be2
Qd7 15. h3 Re8 16. Bb5 c6 17. Be2 Rxe5 18. Bxe5 Ne4 19. Bxg7 Nxc3 20. bxc3 Kxg7
21. Bg4 Qe7 22. Bxc8 Rxc8 23. Qe1 Re8 24. Kf1 Qxe1+ 25. Rxe1 Rxe1+ 26. Kxe1 Kf6
27. Ke2 Kg5 28. Kf3 f5 29. h4+ Kxh4 30. Kf4 Kh5 31. Ke5 Kg4 32. Kf6 g5 33. Ke5
h5 34. Kd6 f4 35. Kc7 f3 36. g3 h4 37. gxh4 gxh4 38. Kxb7 h3 39. Kxc6 h2 40.
Kxd5 h1=Q 41. Kc4 Qf1+ 42. Kc5 Qxf2 43. Kc6 Qxc2 44. Kb7 Qxc3 45. d5 Qc5 46. d6
Qxd6 47. Kxa7 f2 48. a4 f1=Q 49. a5 Qfa6# 0-1

[Event "Junior Online 4NCL Division 3"]
[Site "online"]
[Date "2020.06.04"]
[Round "8.45"]
[White "Jayawarna, Tarini"]
[Black "Mikalajunas, Kajus"]
[Result "1-0"]
[WhiteElo "1652"]
[BlackElo "1675"]
[PlyCount "45"]
[EventDate "2020.06.04"]
[WhiteTeam "Manchester Juniors A"]
[BlackTeam "Leicestershire Juniors 1"]

1. e4 e5 2. Nf3 Nc6 3. Bb5 Bc5 4. c3 Nf6 5. O-O O-O 6. Re1 Ng4 7. d4 exd4 8.
cxd4 Bb4 9. Nc3 Bxc3 10. bxc3 d5 11. e5 a6 12. Bd3 Re8 13. h3 f6 14. hxg4 Bxg4
15. Bf4 fxe5 16. dxe5 Bxf3 17. Qxf3 Rf8 18. Qg4 d4 19. Bg5 Qd5 20. Qh5 h6 21.
Bxh6 Ne7 22. Bxg7 Nf5 23. Bxf8 1-0

[Event "Junior Online 4NCL Division 3"]
[Site "online"]
[Date "2020.06.04"]
[Round "8.46"]
[White "Pyun, Lindsay"]
[Black "Jayawarna, Thisumi"]
[Result "1/2-1/2"]
[WhiteElo "1495"]
[BlackElo "1562"]
[PlyCount "59"]
[EventDate "2020.06.04"]
[WhiteTeam "Leicestershire Juniors 1"]
[BlackTeam "Manchester Juniors A"]

1. e4 d5 2. exd5 Qxd5 3. Nc3 Qa5 4. d4 Nf6 5. Bd3 c6 6. Bd2 Qc7 7. h3 Nbd7 8.
Nf3 g6 9. O-O Bg7 10. Re1 Nb6 11. Qc1 O-O 12. Bh6 Nbd5 13. Bxg7 Kxg7 14. Nxd5
Nxd5 15. Qg5 Re8 16. Bc4 Nf6 17. Ne5 Rf8 18. Rad1 Bf5 19. Bd3 Bxd3 20. Rxd3
Rad8 21. c3 Rfe8 22. Ng4 Nxg4 23. Qxg4 e5 24. Rde3 f5 25. Qe2 e4 26. f3 exf3
27. Qxf3 Rxe3 28. Qxe3 Qd7 29. Qe5+ Kg8 30. Qe3 1/2-1/2

[Event "Junior Online 4NCL Division 3"]
[Site "online"]
[Date "2020.06.04"]
[Round "8.47"]
[White "Eccleston, Bryony"]
[Black "Tang, Joshua"]
[Result "1/2-1/2"]
[WhiteElo "1390"]
[BlackElo "1495"]
[PlyCount "94"]
[EventDate "2020.06.04"]
[WhiteTeam "Manchester Juniors A"]
[BlackTeam "Leicestershire Juniors 1"]

1. d4 d5 2. Bf4 Nf6 3. e3 Bf5 4. c4 e6 5. Nc3 Bb4 6. Qb3 Bxc3+ 7. bxc3 b6 8.
cxd5 exd5 9. g3 Be4 10. f3 Bg6 11. Bg2 O-O 12. Ne2 c5 13. dxc5 bxc5 14. Qb5
Nbd7 15. Qb7 Bd3 16. Bc7 Qc8 17. Qxc8 Raxc8 18. Bf4 Bxe2 19. Kxe2 Rfe8 20. Rhd1
Nb6 21. Bh3 Rcd8 22. Bc7 Ra8 23. Bxb6 axb6 24. Kd3 Rad8 25. Rab1 c4+ 26. Kd4
Rb8 27. Re1 b5 28. Bf5 g6 29. Bc2 Rb7 30. e4 dxe4 31. Bxe4 Rd7+ 32. Kc5 Nxe4+
33. Rxe4 Rxe4 34. fxe4 Ra7 35. Rxb5 Rxa2 36. Kxc4 Rxh2 37. Kd4 Rh3 38. Rg5 h6
39. Rg4 Kg7 40. Ke5 h5 41. Rg5 f6+ 42. Kf4 fxg5+ 43. Kxg5 Rxg3+ 44. Kh4 Rxc3
45. Kg5 Rg3+ 46. Kh4 Re3 47. Kg5 Rxe4 1/2-1/2

[Event "Junior Online 4NCL Division 3"]
[Site "online"]
[Date "2020.06.04"]
[Round "8.48"]
[White "Mehta, Sophie"]
[Black "Fairclough, William"]
[Result "1-0"]
[WhiteElo "1360"]
[BlackElo "1315"]
[PlyCount "43"]
[EventDate "2020.06.04"]
[WhiteTeam "Leicestershire Juniors 1"]
[BlackTeam "Manchester Juniors A"]

1. e4 e5 2. Nf3 Nc6 3. Bc4 Nf6 4. Nc3 Bb4 5. d4 Bxc3+ 6. bxc3 exd4 7. Nxd4 Nxe4
8. Qf3 Nf6 9. Bg5 Ne5 10. Qf4 Nxc4 11. Nf5 O-O 12. Qxc4 d5 13. Qd3 Re8+ 14. Ne3
Qd6 15. Bxf6 Qxf6 16. Qxd5 Qxc3+ 17. Qd2 Qxa1+ 18. Qd1 Qxa2 19. O-O Qa6 20. f4
Rxe3 21. Qd8+ Re8 22. Qxe8# 1-0

[Event "Junior Online 4NCL Division 3"]
[Site "online"]
[Date "2020.06.04"]
[Round "8.51"]
[White "Parnes, Shira"]
[Black "Patel, Krrish"]
[Result "0-1"]
[WhiteElo "1525"]
[BlackElo "1517"]
[PlyCount "64"]
[EventDate "2020.06.04"]
[WhiteTeam "Ojays D"]
[BlackTeam "Harrow Juniors B"]

1. e4 c5 2. Nf3 Nc6 3. Nc3 e6 4. Be2 Nge7 5. O-O g6 6. d3 Bg7 7. Bd2 O-O 8. Qc1
Re8 9. Bh6 Bh8 10. Re1 d5 11. exd5 exd5 12. Bd1 Nf5 13. Rxe8+ Qxe8 14. Bf4 Ncd4
15. Qd2 Nxf3+ 16. Bxf3 d4 17. Nd5 Qd8 18. Nc7 Rb8 19. Re1 Bd7 20. Nd5 Bc6 21.
Bxb8 Bxd5 22. Bxd5 Qxb8 23. Re2 Qd8 24. Bb3 Bg7 25. Qe1 Bf8 26. Re8 Qg5 27. Rb8
Nh4 28. Qe4 Kg7 29. Rxb7 h5 30. Rxf7+ Kh6 31. Rxf8 Qc1+ 32. Qe1 Qxe1# 0-1

[Event "Junior Online 4NCL Division 3"]
[Site "online"]
[Date "2020.06.04"]
[Round "8.52"]
[White "Sankar, Dheekshitha"]
[Black "Zeng, Royce"]
[Result "1-0"]
[WhiteElo "1510"]
[BlackElo "1562"]
[PlyCount "37"]
[EventDate "2020.06.04"]
[WhiteTeam "Harrow Juniors B"]
[BlackTeam "Ojays D"]

1. e4 e5 2. Nf3 Nc6 3. d4 exd4 4. Nxd4 Qh4 5. Nc3 Bb4 6. Bd3 Nxd4 7. O-O Ne7 8.
Be3 Ndc6 9. Nb5 O-O 10. Nxc7 Rb8 11. Nb5 a6 12. a3 axb5 13. axb4 Nxb4 14. Bxb5
Qxe4 15. Bc5 Nbc6 16. Re1 Qf5 17. Qd6 b6 18. Bxc6 Nxc6 19. Qxf8# 1-0

[Event "Junior Online 4NCL Division 3"]
[Site "online"]
[Date "2020.06.04"]
[Round "8.53"]
[White "Bridson, Ewan"]
[Black "Parikh, Naavya"]
[Result "0-1"]
[WhiteElo "1480"]
[BlackElo "1375"]
[PlyCount "106"]
[EventDate "2020.06.04"]
[WhiteTeam "Ojays D"]
[BlackTeam "Harrow Juniors B"]

1. e4 e5 2. Nf3 Nc6 3. Bc4 Bc5 4. c3 Bb6 5. d4 f6 6. d5 Nce7 7. O-O d6 8. h3 c6
9. dxc6 bxc6 10. Qb3 d5 11. exd5 cxd5 12. Bb5+ Bd7 13. Bxd7+ Qxd7 14. Re1 Nc6
15. Be3 Bxe3 16. Rxe3 Rb8 17. Qc2 Nge7 18. Na3 a6 19. Rd1 O-O 20. Qd2 Qb7 21.
b3 Qd7 22. c4 d4 23. Re4 Qd6 24. Nc2 Rfd8 25. Nfe1 Qe6 26. f4 Qf5 27. Qe2 exf4
28. Nxd4 Nxd4 29. Rdxd4 Rxd4 30. Rxd4 Nc6 31. Re4 Qc5+ 32. Kh1 Ne5 33. Nf3 Nxf3
34. Qxf3 Qg5 35. Qxf4 Qxf4 36. Rxf4 Rb6 37. g4 Kf7 38. h4 Re6 39. g5 Re1+ 40.
Kg2 Re2+ 41. Kg3 Rxa2 42. gxf6 gxf6 43. Kg4 Rg2+ 44. Kh5 Rg3 45. b4 Rg6 46. c5
Rg3 47. c6 Rc3 48. Kh6 Rxc6 49. Kxh7 Rb6 50. h5 Rb7 51. Kh6 Ra7 52. Kh7 Ra8 53.
Kh6 Rh8# 0-1

[Event "Junior Online 4NCL Division 3"]
[Site "online"]
[Date "2020.06.04"]
[Round "8.54"]
[White "Benhamou, Nathan"]
[Black "Amoako, Selikem PJ"]
[Result "0-1"]
[WhiteElo "1382"]
[BlackElo "1480"]
[PlyCount "102"]
[EventDate "2020.06.04"]
[WhiteTeam "Harrow Juniors B"]
[BlackTeam "Ojays D"]

1. e4 Nf6 2. Nc3 e5 3. Nf3 Nc6 4. Bb5 d6 5. d3 Be7 6. Bg5 Be6 7. O-O O-O 8. Qd2
a6 9. Ba4 b5 10. Bb3 Qd7 11. Bd5 Nxd5 12. exd5 Bxg5 13. dxe6 Bxd2 14. exd7 Bxc3
15. bxc3 Rad8 16. d4 Rxd7 17. Rfe1 f6 18. Rab1 Re7 19. d5 Na5 20. Nd2 c6 21.
dxc6 Nxc6 22. Rb3 Rc7 23. Ra3 a5 24. Rb3 b4 25. Ne4 d5 26. Nd2 a4 27. Rb2 bxc3
28. Rb5 cxd2 29. Rd1 d4 30. Rxd2 Rb8 31. Rxb8+ Nxb8 32. c3 Rxc3 33. f3 Nc6 34.
Kf2 Nb4 35. f4 Rc2 36. Rxc2 Nxc2 37. fxe5 fxe5 38. Ke2 Nb4 39. Kf3 Nxa2 40. Ke4
Nc3+ 41. Kd3 a3 42. Kc2 a2 43. Kb2 d3 44. Kxc3 a1=Q+ 45. Kxd3 Qd4+ 46. Ke2 Qc3
47. Kf2 e4 48. Ke2 Qd3+ 49. Kf2 e3+ 50. Ke1 Qd2+ 51. Kf1 Qd1# 0-1

[Event "Junior Online 4NCL Division 3"]
[Site "online"]
[Date "2020.06.04"]
[Round "8.55"]
[White "Patel, Krrish"]
[Black "Parnes, Shira"]
[Result "0-1"]
[WhiteElo "1517"]
[BlackElo "1525"]
[PlyCount "54"]
[EventDate "2020.06.04"]
[WhiteTeam "Harrow Juniors B"]
[BlackTeam "Ojays D"]

1. d4 d5 2. Bf4 Bf5 3. Nf3 Nc6 4. e3 a6 5. c3 Nf6 6. Nbd2 e6 7. Nb3 Be7 8. Bd3
Bg6 9. O-O O-O 10. Bxg6 hxg6 11. h3 Bd6 12. Bxd6 Qxd6 13. Nbd2 Rae8 14. Qc2 e5
15. dxe5 Nxe5 16. Nxe5 Rxe5 17. Nf3 Rh5 18. Rad1 Rh8 19. c4 c6 20. cxd5 cxd5
21. Qd3 Rd8 22. Ng5 Qe5 23. Nf3 Qxb2 24. Qb3 Qxb3 25. axb3 Ne4 26. Nd2 Nc3 27.
Rc1 Ne2+ 0-1

[Event "Junior Online 4NCL Division 3"]
[Site "online"]
[Date "2020.06.04"]
[Round "8.56"]
[White "Zeng, Royce"]
[Black "Sankar, Dheekshitha"]
[Result "1-0"]
[WhiteElo "1562"]
[BlackElo "1510"]
[PlyCount "53"]
[EventDate "2020.06.04"]
[WhiteTeam "Ojays D"]
[BlackTeam "Harrow Juniors B"]

1. e4 e5 2. Nf3 Nc6 3. Bc4 Bc5 4. Nc3 Nf6 5. d3 h6 6. O-O O-O 7. Be3 Bb6 8. d4
d6 9. Qd2 Nxe4 10. Nxe4 d5 11. dxe5 dxe4 12. Qxd8 Rxd8 13. Bxb6 axb6 14. Nh4
Nxe5 15. Bb3 g5 16. f4 Nc6 17. fxg5 hxg5 18. Rxf7 gxh4 19. Raf1 Bg4 20. R7f4+
Kh7 21. Rxg4 Nd4 22. Rxh4+ Kg6 23. Bf7+ Kg5 24. Rh5+ Kg4 25. h3+ Kg3 26. Rg5+
Kh4 27. Rg4# 1-0

[Event "Junior Online 4NCL Division 3"]
[Site "online"]
[Date "2020.06.04"]
[Round "8.57"]
[White "Parikh, Naavya"]
[Black "Bridson, Ewan"]
[Result "0-1"]
[WhiteElo "1375"]
[BlackElo "1480"]
[PlyCount "118"]
[EventDate "2020.06.04"]
[WhiteTeam "Harrow Juniors B"]
[BlackTeam "Ojays D"]

1. e4 c6 2. d4 d5 3. exd5 cxd5 4. Nc3 Nf6 5. Bb5+ Nc6 6. Bg5 h6 7. Bxf6 exf6 8.
Bxc6+ bxc6 9. Nge2 Bb4 10. O-O Bg4 11. f3 Bf5 12. Re1 O-O 13. Ng3 Bg6 14. Re3
Re8 15. Rxe8+ Qxe8 16. Nce2 Qe7 17. c3 Bd6 18. Qd2 Re8 19. Re1 Bxg3 20. hxg3 c5
21. Kf2 c4 22. Nf4 Qd7 23. Rxe8+ Qxe8 24. Nxd5 Qe6 25. Nf4 Qa6 26. Nxg6 fxg6
27. b3 cxb3 28. axb3 g5 29. Qe2 Qa3 30. Qc2 Kf7 31. Ke3 g6 32. Kd3 f5 33. c4
Ke6 34. Qe2+ Kd6 35. Qe5+ Kc6 36. Qf6+ Kb7 37. Qf7+ Ka6 38. Qxg6+ Ka5 39. Qxf5+
Kb4 40. Qc5+ Kxb3 41. Qxa3+ Kxa3 42. d5 Kb4 43. Kd4 a5 44. d6 a4 45. d7 a3 46.
d8=Q a2 47. Qb6+ Ka3 48. Qb3+ Kxb3 49. c5 a1=Q+ 50. Kd5 Qa5 51. Kd6 Qb4 52. Kd5
Qb5 53. Kd6 Kc4 54. c6 Qb6 55. Kd7 Qd4+ 56. Kc8 Kc5 57. c7 Kc6 58. Kb8 Qb4+ 59.
Kc8 Qf8# 0-1

[Event "Junior Online 4NCL Division 3"]
[Site "online"]
[Date "2020.06.04"]
[Round "8.58"]
[White "Amoako, Selikem PJ"]
[Black "Benhamou, Nathan"]
[Result "1-0"]
[WhiteElo "1480"]
[BlackElo "1382"]
[PlyCount "67"]
[EventDate "2020.06.04"]
[WhiteTeam "Ojays D"]
[BlackTeam "Harrow Juniors B"]

1. e4 e5 2. Nf3 Nc6 3. Bc4 Bc5 4. b4 Bxb4 5. c3 Bc5 6. d4 exd4 7. cxd4 Bb4+ 8.
Bd2 Bxd2+ 9. Nbxd2 Qf6 10. e5 Qg6 11. O-O d6 12. exd6 cxd6 13. Re1+ Nge7 14.
Kh1 Qf6 15. d5 Ne5 16. Bb5+ Bd7 17. Bxd7+ Nxd7 18. Qe2 Nb6 19. Ne4 Qg6 20. Nc5
Qf6 21. Ne4 Qg6 22. Qb5+ Kf8 23. Rad1 f5 24. Neg5 h6 25. Ne6+ Kf7 26. Qb4 Nexd5
27. Qxd6 Nc3 28. Ne5+ Kf6 29. Nxg6 Nxd1 30. Nef4+ Kg5 31. h4+ Kg4 32. f3+ Kg3
33. Nd3+ f4 34. Qxf4# 1-0